000 00465nam a2200169Ia 4500
003 GCL
008 140319s9999 xx 000 0 eng d
040 _aGCL /
_cGCL
082 0 4 _a658.473
_bC H
100 1 _aCRAIGHEAD, GEOFF
245 1 0 _aHIGH-RISE SECURITY AND FIRE LIFE SAFETY /
_cCRAIGHEAD, GEOFF
260 _a[S.N] :
_bBUTTERWORTH HEINEMANN ،
_c1995
650 0 4 _aSECURITY MEASURES
650 0 4 _aFIRE AND FIRE
650 0 4 _aSKYSCRAPERS
942 _2ddc
_cBK
999 _c11769
_d11769